Central American Flag Quiz - Statistics

General Stats
  • This quiz has been taken 167 times
  • The average score is 6 of 7
Answer Stats
Picture Answer % Correct
Mexico
99%
Honduras
96%
Nicaragua
90%
Belize
89%
Costa Rica
89%
El Salvador
87%
Guatemala
87%
No matching quizzes found
Score Distribution
Percent of People with Each Score
Percentile by Number Answered
Your Score History
You have not taken this quiz